Linear and interface circuits applications / (Record no. 183854)

000 -LEADER
fixed length control field 01276 a2200253 4500
003 - CONTROL NUMBER IDENTIFIER
control field Nust
005 - DATE AND TIME OF LATEST TRANSACTION
control field 20230317094022.0
010 ## - LIBRARY OF CONGRESS CONTROL NUMBER
LC control number 85019821
020 ## - INTERNATIONAL STANDARD BOOK NUMBER
International Standard Book Number 0070637636
040 ## - CATALOGING SOURCE
Transcribing agency Nust
082 00 - DEWEY DECIMAL CLASSIFICATION NUMBER
Classification number 621.395,PIP
100 1# - MAIN ENTRY--PERSONAL NAME
Personal name Pippenger, Dale E.
9 (RLIN) 110492
245 10 - TITLE STATEMENT
Title Linear and interface circuits applications /
Statement of responsibility, etc. D.E. Pippenger and E.J. Tobaben ; contributors, C.L. McCollum, Field Applications Engineering, Linear Product Engineering.
250 ## - EDITION STATEMENT
Edition statement 2nd ed.
260 ## - PUBLICATION, DISTRIBUTION, ETC.
Place of publication, distribution, etc. New York :
Name of publisher, distributor, etc. McGraw-Hill,
Date of publication, distribution, etc. c1986.
300 ## - PHYSICAL DESCRIPTION
Extent 254 p. in various pagings :
Other physical details ill. ;
Dimensions 29 cm.
440 #0 - SERIES STATEMENT/ADDED ENTRY--TITLE
Title Texas Intruments electronics series
9 (RLIN) 110493
505 ## - FORMATTED CONTENTS NOTE
Formatted contents note Introduction (Page-1), Operational Amplifier and Comparator Theory (Page-2), Operational Amplifier and Comparator Applications (Page-3), Video Amplifiers (Page-4), Voltage Regulators (Page-5), Switching Power Supply Design (Page-6), Integrated Circuits Timers (Page-7), Display Drivers (Page-8), Data Transmission (Page-9), Peripheral Drivers (Page-10), Data Acquisition Systems (Page-11), Special Functions (Page-12).
650 #0 - SUBJECT ADDED ENTRY--TOPICAL TERM
Topical term or geographic name entry element Interface circuits.
9 (RLIN) 99543
650 #0 - SUBJECT ADDED ENTRY--TOPICAL TERM
Topical term or geographic name entry element Linear integrated circuits.
9 (RLIN) 55531
700 1# - ADDED ENTRY--PERSONAL NAME
Personal name Tobaben, E. J.
9 (RLIN) 110494
710 2# - ADDED ENTRY--CORPORATE NAME
Corporate name or jurisdiction name as entry element Texas Instruments Incorporated.
9 (RLIN) 103582
942 ## - ADDED ENTRY ELEMENTS (KOHA)
Source of classification or shelving scheme
Koha item type Book
Holdings
Withdrawn status Lost status Source of classification or shelving scheme Damaged status Not for loan Permanent Location Current Location Shelving location Date acquired Full call number Barcode Date last seen Price effective from Koha item type Public note
          Military College of Signals (MCS) Military College of Signals (MCS) General Stacks 12/12/2016 621.395,PIP MCS22678 12/08/2016 12/12/2016 Book Almirah No.74, Shelf No.5
© 2023 Central Library, National University of Sciences and Technology. All Rights Reserved.